Law reports of the Commonwealth 2000 Vol 4 / (Record no. 1834)

MARC details
000 -LEADER
fixed length control field 02285cas a2200469 a 4500
001 - CONTROL NUMBER
control field 11443566
003 - CONTROL NUMBER IDENTIFIER
control field OSt
005 - DATE AND TIME OF LATEST TRANSACTION
control field 20110511175843.0
008 - FIXED-LENGTH DATA ELEMENTS--GENERAL INFORMATION
fixed length control field 940606c19939999enkqx w 0 a0eng d
010 ## - LIBRARY OF CONGRESS CONTROL NUMBER
LC control number 94659138
020 ## - INTERNATIONAL STANDARD BOOK NUMBER
International Standard Book Number 0406916101
035 ## - SYSTEM CONTROL NUMBER
System control number (OCoLC)ocm30558760
040 ## - CATALOGING SOURCE
Original cataloging agency MoU
Transcribing agency MoU
Modifying agency DLC
-- MH
-- DLC
-- MH-L
042 ## - AUTHENTICATION CODE
Authentication code lc
043 ## - GEOGRAPHIC AREA CODE
Geographic area code b------
050 00 - LIBRARY OF CONGRESS CALL NUMBER
Classification number K528
Item number .L39
082 00 - DEWEY DECIMAL CLASSIFICATION NUMBER
Classification number 348.043
Edition number 20
245 00 - TITLE STATEMENT
Title Law reports of the Commonwealth 2000 Vol 4 /
260 ## - PUBLICATION, DISTRIBUTION, ETC. (IMPRINT)
Place of publication, distribution, etc London :
Name of publisher, distributor, etc Butterworths,
Date of publication, distribution, etc 2000-
300 ## - PHYSICAL DESCRIPTION
Extent v. ;
Dimensions 25 cm.
310 ## - CURRENT PUBLICATION FREQUENCY
Current publication frequency Four issues yearly
362 0# - DATES OF PUBLICATION AND/OR SEQUENTIAL DESIGNATION
Dates of publication and/or sequential designation 1993, v. 1-
525 ## - SUPPLEMENT NOTE
Supplement note Vols. for 1993, <1995-> accompanied by an annual publication: Law reports of the Commonwealth. Editorial review, tables, and index.
555 ## - CUMULATIVE INDEX/FINDING AIDS NOTE
Cumulative index/finding aids note Cumulative index: 1980-1997. (Includes index to the publication under its earlier titles). 1 v.
580 ## - LINKING ENTRY COMPLEXITY NOTE
Linking entry complexity note Formed by the union of: Law reports of the Commonwealth. Commercial law reports; Law reports of the Commonwealth. Constitutional and administrative law reports; and: Law reports of the Commonwealth. Criminal law reports.
590 ## - LOCAL NOTE (RLIN)
Local note SERBIB/SERLOC merged record
650 #0 - SUBJECT ADDED ENTRY--TOPICAL TERM
Topical term or geographic name as entry element Commercial law
Geographic subdivision Commonwealth countries
Form subdivision Cases.
9 (RLIN) 4009
650 #0 - SUBJECT ADDED ENTRY--TOPICAL TERM
Topical term or geographic name as entry element Law reports, digests, etc.
Geographic subdivision Commonwealth countries.
9 (RLIN) 4010
650 #0 - SUBJECT ADDED ENTRY--TOPICAL TERM
Topical term or geographic name as entry element Administrative law
Geographic subdivision Commonwealth countries
Form subdivision Cases.
9 (RLIN) 4011
650 #0 - SUBJECT ADDED ENTRY--TOPICAL TERM
Topical term or geographic name as entry element Criminal law
Geographic subdivision Commonwealth countries
Form subdivision Cases.
9 (RLIN) 4012
650 #0 - SUBJECT ADDED ENTRY--TOPICAL TERM
Topical term or geographic name as entry element Constitutional law
Geographic subdivision Commonwealth countries
Form subdivision Cases.
9 (RLIN) 4013
740 02 - ADDED ENTRY--UNCONTROLLED RELATED/ANALYTICAL TITLE
Uncontrolled related/analytical title Law reports of the Commonwealth.
Name of part/section of a work Editorial review, tables, and index.
780 14 - PRECEDING ENTRY
Title Law reports of the Commonwealth. Commercial law reports
International Standard Serial Number 0952-1046
Record control number (DLC) 88641566
-- (OCoLC)13295895
780 14 - PRECEDING ENTRY
Title Law reports of the Commonwealth. Constitutional and administrative law reports
International Standard Serial Number 0951-0699
Record control number (DLC) 87642747
-- (OCoLC)12794104
780 14 - PRECEDING ENTRY
Title Law reports of the Commonwealth. Criminal law reports
Record control number (DLC) 87642746
-- (OCoLC)13490130
906 ## - LOCAL DATA ELEMENT F, LDF (RLIN)
a 7
b cbc
c serials
d u
e ncip
f 19
g n-oclcserc
942 ## - ADDED ENTRY ELEMENTS (KOHA)
Source of classification or shelving scheme Dewey Decimal Classification
Koha item type Books
Holdings
Withdrawn status Lost status Source of classification or shelving scheme Damaged status Not for loan Home library Current library Shelving location Date acquired Total Checkouts Full call number Barcode Date last seen Price effective from Koha item type
    Dewey Decimal Classification     Law Development Centre Main Library Law Development Centre Main Library Law Reports 05/11/2011   348.043 LAW 2011/1187 05/11/2011 05/11/2011 Law Reports